Evaluación de biopolímeros utilizados para empaque de alimentos empleados en condiciones de compostaje casero

Spremljeno u:
Bibliografski detalji
Glavni autor: Segura Rodríguez, Kevin, 1994-
Daljnji autori: Mazón Villegas, Beatriz, 1978- Directora del TFG
Format: Knjiga
Jezik:Spanish
Izdano: San José, Costa Rica 2023
Teme:
Oznake: Dodaj oznaku
Bez oznaka, Budi prvi tko označuje ovaj zapis!

MARC

LEADER 00000nam a2200000Ia 4500
003 013706
005 20230725154437.0
008 140114s2023 cr a 000 ||spa d
040 |c cru CEDI 
100 |a  Segura Rodríguez, Kevin, 1994-  |9 991 
245 |a Evaluación de biopolímeros utilizados para empaque de alimentos empleados en condiciones de compostaje casero 
260 |a San José, Costa Rica  |c 2023 
500 |a Trabajo de graduación (licenciatura en ingeniería agrícola y de Biosistemas)--Universidad de Costa Rica. Facultad de Ingeniería. Escuela de Ingeniería de Biosistemas 
501 |a Directora de Trabajo Final de Graduación: Beatriz Mazón Villegas, Ph.D. 
650 |x PLASTICOS BIODEGRADABLES  |x APROVECHAMIENTO DE RESIDUOS   |x BIOPOLIMEROS   |x COMPOST   |x ACIDO POLILACTICO  |x PRODUCTOS BIODEGRADABLES   |x BIODEGRADACION  |x ENVASES PARA ALIMENTOS  
700 |9 409  |a Mazón Villegas, Beatriz, 1978-  |d Directora del TFG 
942 |c CEDI  |h TFG 8857  |6 TFG_8857_000000000000000 
999 |c 12271  |d 12271